[Event "December Standard II"]
[Site "SchemingMind.com"]
[Date "2006.12.17"]
[Round "-"]
[White "ibukuno"]
[Black "cnbcad"]
[Result "1-0"]
[WhiteCountry "NGR"]
[BlackCountry "USA"]
[WhiteElo "1919"]
[WhiteRD "128"]
[BlackElo "1493"]
[BlackRD "55"]
[GameID "82494"]

1. e4 e5 2. Nf3 Nc6 3. Bc4 Bc5 4. d3 h6 5. Nc3 Nd4 6. Nxe5 d5 7. Bxd5 Be6 8. Bxb7 Rb8 9. Bc6+ Nxc6 10. Nxc6 Bxf2+
11. Kxf2 Qf6+ 12. Qf3 Qxf3+ 13. gxf3 Rb6 14. Nxa7 Nf6 15. Nab5 O-O 16. Nxc7 Rc6 17. Nxe6 Rxe6 18. Rg1 Nh5 19. Be3 Rb8 20. Rab1 Rf6
21. Nd5 Ra6 22. Nc3 Kh7 23. b4 Rc8 24. Rb3 Rac6 25. Bd4 f6 26. Ke3 g5 27. b5 Re6 28. b6 Nf4 29. b7 Rb8 30. Ba7
1-0

[Event "December Standard II"]
[Site "SchemingMind.com"]
[Date "2006.12.18"]
[Round "-"]
[White "Zugzwang"]
[Black "cnbcad"]
[Result "0-1"]
[WhiteCountry "CAN"]
[BlackCountry "USA"]
[WhiteElo "1485"]
[WhiteRD "58"]
[BlackElo "1455"]
[BlackRD "52"]
[GameID "82518"]

1. d4 d5 2. Nf3 Nc6 3. e3 Bg4 4. c4 Bxf3 5. Qxf3 dxc4 6. Bxc4 Nf6 7. O-O e6 8. Nc3 Bd6 9. Re1 O-O 10. d5 Ne5
11. Qe2 Nxc4 12. Qxc4 exd5 13. Nxd5 Nxd5 14. Rd1 Nb6 15. Qg4 f5 16. Qh3 Bxh2+ 17. Kxh2 Qxd1 18. Qg3 Qd6 19. f4 Rf6 20. b3 Rh6+
21. Kg1 Qd1+ 22. Kf2 Rg6 23. Qh4 Qc2+ 24. Ke1 Rxg2 25. Qh1 Qe2#
0-1

[Event "December Standard II"]
[Site "SchemingMind.com"]
[Date "2006.12.17"]
[Round "-"]
[White "Zugzwang"]
[Black "ibukuno"]
[Result "0-1"]
[WhiteCountry "CAN"]
[BlackCountry "NGR"]
[WhiteElo "1446"]
[WhiteRD "58"]
[BlackElo "1919"]
[BlackRD "128"]
[GameID "82519"]

1. d4 d5 2. Nf3 Nf6 3. e3 e6 4. Bd3 Bd6 5. c3 O-O 6. O-O Nbd7 7. Nbd2 b6 8. Re1 Bb7 9. e4 dxe4 10. Nxe4 Be7
11. Nxf6+ Nxf6 12. h3 Rc8 13. Qc2 Bxf3 14. gxf3 Qd5 15. Be4 Qh5 16. Kh2 Bd6+ 17. Kg2 c5 18. Be3 h6 19. Rad1 Qh4 20. Rh1 Nh5
21. Rdg1 cxd4 22. Bxd4 Nf4+ 23. Kf1 e5 24. Rg4 Qh5 25. Rhg1 Qxh3+ 26. Ke1 g5 27. Be3 Qh2 28. R1g3 Qh1+ 29. Rg1 Qh2 30. Bxf4 exf4
31. R4g2 Qh5 32. Bf5 Rce8+ 33. Kf1 Qxf3 34. Rh2 Kg7 35. Rh3 Qd5 36. c4 Qe5 37. Kg2 Rh8 38. Kh1 Qe2 39. Qxe2 Rxe2 40. Rd3 Bc5
41. Rd7 a5 42. Rgd1 Rxf2 43. Be6 Rf8 44. a3 Rxb2
0-1

[Event "December Standard II"]
[Site "SchemingMind.com"]
[Date "2006.12.18"]
[Round "-"]
[White "cnbcad"]
[Black "Zugzwang"]
[Result "0-1"]
[WhiteCountry "USA"]
[BlackCountry "CAN"]
[WhiteElo "1455"]
[WhiteRD "52"]
[BlackElo "1485"]
[BlackRD "58"]
[GameID "82520"]

1. e4 e5 2. Nf3 Nf6 3. Bc4 Nxe4 4. Nxe5 Qe7 5. Bxf7+ Kd8 6. d4 d6 7. Bd5 Nf6 8. Be4 Nxe4 9. f3 Qh4+ 10. g3 Nxg3
11. Nf7+ Ke8 12. Bg5 Qh5 13. Nxh8 Qxg5 14. hxg3 Qxg3+ 15. Kd2 Nc6 16. Re1+ Be7 17. Kc1 Kf8 18. f4 Kg8 19. Nf7 Kxf7 20. b3 Bf6
21. Rg1 Qxf4+ 22. Nd2 Bxd4 23. Rf1 Bf2 24. Kb1 Kg8 25. Nf3 Qe3 26. Qd2 Qxd2 27. Nxd2 Bd4 28. Nf3 Bxa1 29. Re1 Bg4 30. Ng5 Bf6
31. Ne4 Rf8
0-1

[Event "December Standard II"]
[Site "SchemingMind.com"]
[Date "2006.12.17"]
[Round "-"]
[White "ibukuno"]
[Black "Zugzwang"]
[Result "1-0"]
[WhiteCountry "NGR"]
[BlackCountry "CAN"]
[WhiteElo "1859"]
[WhiteRD "147"]
[BlackElo "1485"]
[BlackRD "58"]
[GameID "82521"]

1. e4 e5 2. Nf3 Nf6 3. Nc3 Bb4 4. Bc4 O-O 5. O-O Nc6 6. d3 Bxc3 7. bxc3 d5 8. exd5 Nxd5 9. Bb2 Re8 10. a3 Bg4
11. h3 Bh5 12. Qe2 Nf4 13. Qe3 Ng6 14. Ng5 Nh4 15. Bc1 Re7 16. Ne4 Nf5 17. Qg5 Bg6 18. h4 h6 19. Qxg6 Kh8 20. Qxf5
1-0

[Event "December Standard II"]
[Site "SchemingMind.com"]
[Date "2006.12.18"]
[Round "-"]
[White "toguints"]
[Black "cnbcad"]
[Result "0-1"]
[WhiteCountry "PHI"]
[BlackCountry "USA"]
[WhiteElo "1522"]
[WhiteRD "64"]
[BlackElo "1493"]
[BlackRD "55"]
[GameID "82587"]

1. d4 d5 2. c4 e5 3. e3 exd4 4. Qxd4 Nf6 5. Nc3 Nc6 6. Qd3 Nb4 7. Qe2 Bf5 8. e4 dxe4 9. Bg5 Nd3+ 10. Kd2 Nf4+
11. Ke3 Ng4+ 12. Kxf4 f6 13. Kxf5 Qd7+ 14. Kxe4 O-O-O 15. Kf4 fxg5+ 16. Kxg5 Be7+ 17. Kf4 Bd6+ 18. Kg5 Be7+ 19. Kf4 Rhf8+ 20. Kg3 Bd6+
21. Kh4 g5+ 22. Kh5 Nf6+ 23. Kh6 Rg8 24. Qd3 Bf8#
0-1

[Event "December Standard II"]
[Site "SchemingMind.com"]
[Date "2006.12.18"]
[Round "-"]
[White "toguints"]
[Black "Zugzwang"]
[Result "1-0"]
[WhiteCountry "PHI"]
[BlackCountry "CAN"]
[WhiteElo "1522"]
[WhiteRD "64"]
[BlackElo "1446"]
[BlackRD "58"]
[GameID "82588"]

1. d4 f5 2. Nc3 Nf6 3. e3 e6 4. Bd3 d5 5. Nf3 c6 6. O-O Bd6 7. b3 O-O 8. Na4 Bd7 9. c4 Be8 10. Bb2 Bh5
11. Be2 Nbd7 12. Ng5 Bxe2 13. Qxe2 Qe7 14. Nf3 e5 15. Nc3 e4 16. Nd2 Ng4 17. g3 Qg5 18. f3 Nxe3 19. f4 Qg4 20. Qxe3 Nf6
21. c5 Be7 22. Nd1 b5 23. Nf2 Qg6 24. b4 Ng4 25. Nxg4 Qxg4 26. Kg2 Rf6 27. h3 Qh5 28. h4 Rg6 29. Kf2 Rf8 30. Nb3 Bxh4
31. gxh4 Qxh4+ 32. Ke2 Rg3 33. Qf2 e3 34. Qe1 Qg4+ 35. Kd3 Re8 36. Bc1 e2+ 37. Kc2 Rg2 38. Bd2 Re3 39. Rf2 Rxf2 40. Qxf2 Rg3
41. Be1 Rg2 42. Qe3 h6 43. Bd2 Kf7 44. Re1 h5 45. Nc1 Rg3 46. Qe5 Rg2 47. Rxe2 Rxe2 48. Qxe2 Qxe2 49. Nxe2 h4 50. Ng1 Kf6
51. Be1 g5 52. Bd2 g4 53. Be1 h3 54. Bg3 Ke6 55. Kb3 Kd7 56. Nf3 Kc7 57. Nh4 a5 58. bxa5 Kb7 59. Nxf5 Ka6 60. Kb4 Kb7
61. Ne3 Kc7 62. a6 Kb8 63. f5+ Ka7 64. f6
1-0

[Event "December Standard II"]
[Site "SchemingMind.com"]
[Date "2006.12.18"]
[Round "-"]
[White "toguints"]
[Black "ibukuno"]
[Result "0-1"]
[WhiteCountry "PHI"]
[BlackCountry "NGR"]
[WhiteElo "1522"]
[WhiteRD "64"]
[BlackElo "1919"]
[BlackRD "128"]
[GameID "82589"]

1. d4 d5 2. e3 Nf6 3. Nc3 Bf5 4. Qf3 Bxc2 5. Nh3 Ne4 6. Qe2 Nxc3 7. Qxc2 Ne4 8. Bd3 Nd6 9. Nf4 e6 10. O-O Nc6
11. Bxh7 Qh4 12. g3 Qxh7 13. Qxh7 Rxh7 14. b3 g5 15. Nh3 Rxh3 16. Bb2 Be7 17. Kg2 Rh7 18. h3 Kd7 19. f3 Rah8 20. Rh1 Nf5
21. f4 Nxe3+ 22. Kf3 gxf4 23. Kxf4 Nf5 24. h4 Bd6+ 25. Kf3 Nxg3 26. Rh3 Nf5 27. Rah1 Rxh4 28. Rxh4 Rxh4 29. Rxh4 Nxh4+ 30. Kg4 Nf5
31. a4 Ncxd4 32. Bxd4 Nxd4 33. Kh5 Nxb3 34. Kh6 c5 35. Kg7 f5 36. Kf7 f4 37. Kf6 f3 38. Kf7 f2
0-1

[Event "December Standard II"]
[Site "SchemingMind.com"]
[Date "2006.12.18"]
[Round "-"]
[White "cnbcad"]
[Black "toguints"]
[Result "1-0"]
[WhiteCountry "USA"]
[BlackCountry "PHI"]
[WhiteElo "1493"]
[WhiteRD "55"]
[BlackElo "1522"]
[BlackRD "64"]
[GameID "82590"]

1. e4 c5 2. Nf3 Nc6 3. d4 d6 4. Bb5 Bd7 5. Bc4 Na5 6. b3 Bg4 7. Bd5 e6 8. Bc4 Nf6 9. h3 Bxf3 10. gxf3 Nxc4
11. bxc4 Be7 12. d5 exd5 13. cxd5 O-O 14. Rg1 Nh5 15. f4 Bf6 16. e5 dxe5 17. Qxh5 exf4 18. c3 b5 19. Bxf4 b4 20. Bg5 Re8+
21. Kf1 Qxd5 22. h4 Qc4+ 23. Kg2 Qd5+ 24. Qf3 Qxg5+ 25. hxg5 Bxg5 26. cxb4 cxb4 27. a3 Bf6 28. Ra2 b3 29. Re2 Rab8 30. Rxe8+ Rxe8
31. Qxb3 g5 32. Qc2 Kf8 33. Qxh7 Ke7 34. Re1+
1-0

[Event "December Standard II"]
[Site "SchemingMind.com"]
[Date "2006.12.19"]
[Round "-"]
[White "Zugzwang"]
[Black "toguints"]
[Result "0-1"]
[WhiteCountry "CAN"]
[BlackCountry "PHI"]
[WhiteElo "1446"]
[WhiteRD "58"]
[BlackElo "1522"]
[BlackRD "64"]
[GameID "82591"]

1. d4 d5 2. Nf3 g6 3. e3 Bg7 4. Bd3 Bg4 5. c4 Nc6 6. Qb3 Bxf3 7. gxf3 Na5 8. Qa4+ Nc6 9. cxd5 Qd7 10. dxc6 bxc6
11. Nc3 Nf6 12. e4 O-O 13. e5 Nd5 14. Bc4 Nb6 15. Qb3 Qxd4 16. Be2 Qxe5 17. Ne4 Rab8 18. Bd2 Nd5 19. Qc2 Rxb2 20. Qxc6 Rb6
21. Qc4 Qxa1+ 22. Bd1 Rd8 23. Ke2 Nc3+ 24. Nxc3 Bxc3 25. Bxc3 Qb1 26. Qxc7 Qxa2+ 27. Bd2 Qxd2+ 28. Kf1 Qxd1+ 29. Kg2 Qd5 30. Qxe7 Rd7
31. Qe8+ Kg7 32. Re1 Re6 33. Rxe6 Qxe6 34. Qb8 a5 35. Qb2+ f6 36. h3 h5 37. Qa3 Ra7 38. h4 g5 39. hxg5 fxg5 40. Qc1 a4
41. Qd2 a3 42. Qc1 a2 43. Qd2 a1=Q 44. Qf4 gxf4
0-1

[Event "December Standard II"]
[Site "SchemingMind.com"]
[Date "2006.12.19"]
[Round "-"]
[White "ibukuno"]
[Black "toguints"]
[Result "1-0"]
[WhiteCountry "NGR"]
[BlackCountry "PHI"]
[WhiteElo "1919"]
[WhiteRD "128"]
[BlackElo "1522"]
[BlackRD "64"]
[GameID "82592"]

1. e4 c5 2. Nf3 Nc6 3. d4 d5 4. exd5 Qxd5 5. Nc3 Qe6+ 6. Be2 Nf6 7. d5 Qd7 8. Bg5 Qd6 9. dxc6 Qxc6 10. Bb5 Bd7
11. Bxc6 Bxc6 12. Bxf6 Rd8 13. Qe2 gxf6 14. Rd1 Rxd1+ 15. Qxd1 Bh6 16. O-O b5 17. Re1 O-O 18. Rxe7 b4 19. Nd5 Rd8 20. Nxf6+ Kg7
21. Qxd8 Kxf6 22. Rc7+ Kg7 23. Rxc6 c4 24. Qf6+ Kf8 25. Rc8#
1-0

[Event "December Standard II"]
[Site "SchemingMind.com"]
[Date "2006.12.18"]
[Round "-"]
[White "rampichino"]
[Black "cnbcad"]
[Result "1-0"]
[WhiteCountry "ITA"]
[BlackCountry "USA"]
[WhiteElo "1467"]
[WhiteRD "65"]
[BlackElo "1455"]
[BlackRD "52"]
[GameID "82670"]

1. e4 e5 2. Nf3 Nc6 3. d4 exd4 4. Nxd4 Nxd4 5. Qxd4 d6 6. Nc3 c5 7. Qa4+ Bd7 8. Qb3 Nf6 9. Bc4 d5 10. Nxd5 Nxd5
11. Bxd5 Qe7 12. Qxb7 Rd8 13. O-O g6 14. Qxa7 Bg7 15. c3 O-O 16. Be3 Rfe8 17. Bxc5 Qf6 18. a4 Bg4 19. a5 Qf4 20. Be3 Qe5
21. Qxf7+ Kh8 22. Bd4 Qe7 23. Bxg7#
1-0

[Event "December Standard II"]
[Site "SchemingMind.com"]
[Date "2006.12.18"]
[Round "-"]
[White "rampichino"]
[Black "Zugzwang"]
[Result "0-1"]
[WhiteCountry "ITA"]
[BlackCountry "CAN"]
[WhiteElo "1426"]
[WhiteRD "97"]
[BlackElo "1490"]
[BlackRD "61"]
[GameID "82671"]

1. e4 e5 2. Nf3 Nf6 3. Nxe5 d6 4. Nf3 Nxe4 5. Nc3 Qe7 6. Be2 Bf5 7. Nxe4 Bxe4 8. O-O Nd7 9. d3 Bf5 10. Re1 O-O-O
11. Nd4 Qf6 12. Bf4 Qxd4
0-1

[Event "December Standard II"]
[Site "SchemingMind.com"]
[Date "2006.12.19"]
[Round "-"]
[White "rampichino"]
[Black "toguints"]
[Result "0-1"]
[WhiteCountry "ITA"]
[BlackCountry "PHI"]
[WhiteElo "1467"]
[WhiteRD "65"]
[BlackElo "1511"]
[BlackRD "67"]
[GameID "82672"]

1. e4 c5 2. c3 Nc6 3. Nf3 d6 4. d4 cxd4 5. cxd4 Bg4 6. d5 Ne5 7. Be2 Bxf3 8. gxf3 g6 9. f4 Nd7 10. Be3 Bg7
11. Bd4 Bxd4 12. Qxd4 e5 13. fxe5 dxe5 14. Qe3 Qe7 15. Nd2 b6 16. Rc1 Ngf6 17. Rc7 O-O 18. Bb5 Qd6 19. Rc6 Qb4 20. Qb3 Qd4
0-1

[Event "December Standard II"]
[Site "SchemingMind.com"]
[Date "2006.12.19"]
[Round "-"]
[White "rampichino"]
[Black "ibukuno"]
[Result "0-1"]
[WhiteCountry "ITA"]
[BlackCountry "NGR"]
[WhiteElo "1467"]
[WhiteRD "65"]
[BlackElo "1859"]
[BlackRD "147"]
[GameID "82673"]

1. e4 e5 2. Nf3 Nc6 3. d4 exd4 4. Nxd4 Nf6 5. Nxc6 bxc6 6. e5 Nd5 7. Bc4 Nb6 8. Bb3 Ba6 9. Be3 Be7 10. Nd2 O-O
11. c4 Bb4 12. O-O Bxd2 13. Qe2 Bxe3 14. fxe3 Qg5 15. Rf3 Qxe5 16. Raf1 d5 17. Rf5 Qe7 18. Qc2 Qxe3+ 19. Kh1 dxc4 20. R5f3 cxb3
0-1

[Event "December Standard II"]
[Site "SchemingMind.com"]
[Date "2006.12.18"]
[Round "-"]
[White "cnbcad"]
[Black "rampichino"]
[Result "1/2-1/2"]
[WhiteCountry "USA"]
[BlackCountry "ITA"]
[WhiteElo "1493"]
[WhiteRD "55"]
[BlackElo "1469"]
[BlackRD "69"]
[GameID "82674"]

1. e4 d5 2. exd5 Qxd5 3. Nc3 Qa5 4. d4 Nf6 5. Nf3 c6 6. Bd2 Bf5 7. Bd3 Bxd3 8. cxd3 e6 9. O-O Bb4 10. a3 Bxc3
11. Bxc3 Qb6 12. d5 cxd5 13. Bxf6 gxf6 14. Rc1 Ke7 15. Qc2 Nd7 16. b4 Rhc8 17. Qd2 Rc6 18. Rfe1 Rac8 19. Rxc6 Rxc6 20. h3 Qc7
21. Nd4 Rc3 22. Nb5 Rc2 23. Qd1 Qc8 24. Nd4 Rc3 25. Nf5+ Kf8 26. Nh6 Ne5 27. Qb1 Nxd3 28. Rd1 Rc1 29. Qxd3 Rxd1+ 30. Qxd1 Qc3
31. Qb1 Qxa3 32. Qxh7 Qc1+ 33. Kh2 Qf4+ 34. Kh1 Qc1+= 35. Kh2 Qf4+ 36. Kh1=
1/2-1/2

[Event "December Standard II"]
[Site "SchemingMind.com"]
[Date "2006.12.18"]
[Round "-"]
[White "Zugzwang"]
[Black "rampichino"]
[Result "1-0"]
[WhiteCountry "CAN"]
[BlackCountry "ITA"]
[WhiteElo "1490"]
[WhiteRD "61"]
[BlackElo "1426"]
[BlackRD "97"]
[GameID "82675"]

1. d4 d5 2. Nf3 Nf6 3. e3 e6 4. Bd3 c5 5. c3 Nc6 6. O-O Bd6 7. Nbd2 O-O 8. Qe2 b6 9. e4 dxe4 10. Nxe4 Nxe4
11. Qxe4 f5 12. Qxc6
1-0

[Event "December Standard II"]
[Site "SchemingMind.com"]
[Date "2006.12.19"]
[Round "-"]
[White "toguints"]
[Black "rampichino"]
[Result "1-0"]
[WhiteCountry "PHI"]
[BlackCountry "ITA"]
[WhiteElo "1511"]
[WhiteRD "67"]
[BlackElo "1467"]
[BlackRD "65"]
[GameID "82676"]

1. d4 d5 2. e3 Nf6 3. Nf3 e6 4. Bd3 c5 5. O-O Nc6 6. c4 Qb6 7. Nbd2 Be7 8. Qc2 Bd7 9. Nb3 O-O 10. cxd5 exd5
11. dxc5 Qc7 12. e4 dxe4 13. Bxe4 Bg4 14. Nh4 Nxe4 15. Qxe4 Bh5 16. Bf4 Qd7 17. f3 Rae8 18. Be5 f6 19. Rad1 Qc8 20. h3
1-0

[Event "December Standard II"]
[Site "SchemingMind.com"]
[Date "2006.12.19"]
[Round "-"]
[White "ibukuno"]
[Black "rampichino"]
[Result "1-0"]
[WhiteCountry "NGR"]
[BlackCountry "ITA"]
[WhiteElo "1859"]
[WhiteRD "147"]
[BlackElo "1467"]
[BlackRD "65"]
[GameID "82677"]

1. e4 d5 2. exd5 Qxd5 3. Nf3 e5 4. Nc3 Qa5 5. Bc4 Nf6 6. O-O Bf5 7. Nxe5 Be6 8. Re1 Be7 9. Bxe6 fxe6 10. Nc4 Qc5
11. d3 O-O 12. Qe2 Qc6 13. Qxe6+ Qxe6 14. Rxe6 Nc6 15. Be3 Rad8 16. Ne5 Nxe5 17. Rxe5 Bd6 18. Ra5 a6 19. Bg5 Rd7 20. Bxf6 Rxf6
21. Ne4 Re6 22. f3 Rde7 23. a3 Be5 24. Rb1 Rb6 25. c3 Ree6 26. d4 Bd6 27. c4 Be7 28. b4 c5 29. dxc5 Rbc6 30. Kf1
1-0

[Event "December Standard II"]
[Site "SchemingMind.com"]
[Date "2006.12.19"]
[Round "-"]
[White "pederao"]
[Black "cnbcad"]
[Result "1-0"]
[WhiteCountry "USA"]
[BlackCountry "USA"]
[WhiteElo "1619"]
[WhiteRD "79"]
[BlackElo "1519"]
[BlackRD "56"]
[GameID "82678"]

1. c4 e5 2. Nc3 Bb4 3. g3 Bxc3 4. bxc3 d6 5. Bg2 Nc6 6. d4 Bg4 7. d5 Na5 8. Qa4+ c6 9. dxc6 Rb8 10. c7+ Bd7
11. cxd8=Q+
1-0

[Event "December Standard II"]
[Site "SchemingMind.com"]
[Date "2006.12.19"]
[Round "-"]
[White "pederao"]
[Black "Zugzwang"]
[Result "1-0"]
[WhiteCountry "USA"]
[BlackCountry "CAN"]
[WhiteElo "1619"]
[WhiteRD "79"]
[BlackElo "1490"]
[BlackRD "61"]
[GameID "82679"]

1. e4 e5 2. Nf3 Nf6 3. Bc4 Nxe4 4. Nc3 Nxc3 5. dxc3 f6 6. O-O d6 7. Re1 Bg4 8. Nxe5 fxe5 9. Qxg4 Nc6 10. Bg5 Qc8
11. Be6
1-0

[Event "December Standard II"]
[Site "SchemingMind.com"]
[Date "2006.12.19"]
[Round "-"]
[White "pederao"]
[Black "toguints"]
[Result "1-0"]
[WhiteCountry "USA"]
[BlackCountry "PHI"]
[WhiteElo "1656"]
[WhiteRD "77"]
[BlackElo "1511"]
[BlackRD "67"]
[GameID "82680"]

1. c4 e5 2. Nc3 Ne7 3. Nf3 Nbc6 4. e4 d6 5. d3 Bg4 6. Be2 Ng6 7. Nd5 Be7 8. O-O Be6 9. Qb3 Na5 10. Qb5+ c6
11. Qa4 O-O 12. Nxe7+ Nxe7 13. b4 b5 14. Qxa5 Qxa5 15. bxa5 a6 16. Ba3 c5 17. Nd2 Nc6 18. f4 Nd4 19. Bd1 Nc6 20. f5 Bd7
21. Nb3 b4 22. Bc1 Ne7 23. Rf3 Ba4 24. Rg3 f6 25. Bh6 Rf7 26. Bh5 g6 27. Rf1 Kh8 28. fxg6 hxg6 29. Bxg6 Nxg6 30. Rxg6 Bxb3
31. axb3 Kh7 32. Rfxf6 Rxf6 33. Rxf6 Rd8 34. Bf8 Kg8 35. Bxd6 Kg7 36. Bxe5 Kh7 37. Bd6 Kg7 38. e5 Rd7 39. Kf2 Rd8 40. g4 Rh8
41. Kg3 Re8 42. h4 Rd8 43. g5 Rd7 44. Kg4 Kg8 45. g6 Kg7 46. h5 Kh6 47. Bf8+ Rg7 48. Bxg7+ Kxg7 49. Kg5 Kg8 50. Rf7 Kh8
51. e6 Kg8 52. e7 Kh8 53. e8=Q#
1-0

[Event "December Standard II"]
[Site "SchemingMind.com"]
[Date "2006.12.19"]
[Round "-"]
[White "pederao"]
[Black "ibukuno"]
[Result "0-1"]
[WhiteCountry "USA"]
[BlackCountry "NGR"]
[WhiteElo "1656"]
[WhiteRD "77"]
[BlackElo "1859"]
[BlackRD "147"]
[GameID "82681"]

1. d4 d5 2. c4 c6 3. Nc3 Nf6 4. Nf3 Bg4 5. cxd5 cxd5 6. Ne5 Nc6 7. Qa4 Bd7 8. Nxd7 Qxd7 9. Bg5 h6 10. Bh4 Qf5
11. e3 g5 12. Bb5 Qe6 13. Bg3 Bg7 14. O-O O-O 15. Rae1 a6 16. Bd3 Nd7 17. f4 Nb6 18. Qd1 Nb4 19. f5 Qc6 20. h4 Nxd3
21. Qxd3 Nc4 22. b3 Nd6 23. e4 dxe4 24. Nxe4 Qd5 25. Nxd6 Qxd4+ 26. Qxd4 Bxd4+ 27. Bf2 Bxf2+ 28. Rxf2 exd6 29. hxg5 hxg5 30. g4 Rae8
31. Kf1 Rxe1+ 32. Kxe1 Re8+ 33. Kd2 Re4 34. Rg2 Kg7 35. Kd3 d5 36. a3 Kf6 37. Rg3 Ke5
0-1

[Event "December Standard II"]
[Site "SchemingMind.com"]
[Date "2006.12.19"]
[Round "-"]
[White "pederao"]
[Black "rampichino"]
[Result "1-0"]
[WhiteCountry "USA"]
[BlackCountry "ITA"]
[WhiteElo "1619"]
[WhiteRD "79"]
[BlackElo "1426"]
[BlackRD "97"]
[GameID "82682"]

1. d4 d5 2. c4 e6 3. Nf3 Nf6 4. Nc3 c6 5. e3 Nbd7 6. Bd3 dxc4 7. Bxc4 b5 8. Bd3 a6 9. O-O Bb4 10. e4 Nb6
11. Bg5 Bb7 12. e5 h6 13. exf6 hxg5 14. fxg7 Rg8 15. Ne4 g4 16. Ne5 Rxg7 17. Nxg4 Bd2 18. Ngf6+
1-0

[Event "December Standard II"]
[Site "SchemingMind.com"]
[Date "2006.12.19"]
[Round "-"]
[White "cnbcad"]
[Black "pederao"]
[Result "1-0"]
[WhiteCountry "USA"]
[BlackCountry "USA"]
[WhiteElo "1519"]
[WhiteRD "56"]
[BlackElo "1619"]
[BlackRD "79"]
[GameID "82683"]

1. e4 e5 2. Nf3 Nc6 3. Bc4 Bc5 4. d4 exd4 5. O-O h6 6. c3 Nf6 7. cxd4 Bb6 8. d5 Na5 9. Bb5 O-O 10. b4 Nxe4
11. bxa5 Bxa5 12. Qa4 Bb6 13. Qxe4 Qf6 14. Bd3 g6 15. Ne5 Re8 16. Ng4
1-0

[Event "December Standard II"]
[Site "SchemingMind.com"]
[Date "2006.12.19"]
[Round "-"]
[White "Zugzwang"]
[Black "pederao"]
[Result "0-1"]
[WhiteCountry "CAN"]
[BlackCountry "USA"]
[WhiteElo "1490"]
[WhiteRD "61"]
[BlackElo "1619"]
[BlackRD "79"]
[GameID "82684"]

1. d4 Nf6 2. Nf3 d5 3. e3 c6 4. Bd3 Bg4 5. c4 e6 6. Qb3 b6 7. Ne5 Bh5 8. Nc3 Bd6 9. O-O dxc4 10. Bxc4 O-O
11. e4 c5 12. Be3 a6 13. Nd3 Bxh2+ 14. Kxh2 Ng4+ 15. Kg3 cxd4 16. Rh1 g6 17. Bxd4 Qxd4 18. Rad1 b5 19. Nf4 Qxf2+ 20. Kh3 Qxf4
0-1

[Event "December Standard II"]
[Site "SchemingMind.com"]
[Date "2006.12.19"]
[Round "-"]
[White "toguints"]
[Black "pederao"]
[Result "0-1"]
[WhiteCountry "PHI"]
[BlackCountry "USA"]
[WhiteElo "1511"]
[WhiteRD "67"]
[BlackElo "1656"]
[BlackRD "77"]
[GameID "82685"]

1. d4 Nf6 2. Nc3 d5 3. Bg5 e6 4. Nf3 Be7 5. e3 O-O 6. Bd3 Nc6 7. O-O Qd6 8. Bf4 Qd8 9. Ne5 Nd7 10. Nxc6 bxc6
11. e4 f6 12. exd5 cxd5 13. Re1 Nb6 14. Qh5 f5 15. Nb5 Bd6 16. Nxd6 cxd6 17. g4 Qe8 18. Qh3 Qg6 19. g5 h6 20. Qg3 hxg5
21. Bxd6 Re8 22. Bb5 Bd7 23. Bxd7 Nxd7 24. Kf1 Kf7 25. a4 Nf6 26. Rad1 f4 27. Qb3 Rad8 28. Bc7 Rd7 29. Be5 Qf5 30. h3 f3
31. Re3 Qxh3+ 32. Ke1 g4 33. Kd2 Qg2 34. Bg3 Ne4+ 35. Kc1 Nxg3 36. fxg3 Qxg3 37. Qb5 Rc7 38. Rxe6 Rxe6 39. Qxd5 Qf4+ 40. Kb1 f2
41. Rf1 g3 42. Qh5+ g6 43. Qh1 Kg7 44. d5 Re2 45. d6 Qxd6 46. Qf3 Re1+ 47. Rxe1 fxe1=Q+ 48. Ka2 Qde6+ 49. b3 Rxc2+ 50. Ka3 Qa1+
51. Kb4 Qb6#
0-1

[Event "December Standard II"]
[Site "SchemingMind.com"]
[Date "2006.12.19"]
[Round "-"]
[White "ibukuno"]
[Black "pederao"]
[Result "1-0"]
[WhiteCountry "NGR"]
[BlackCountry "USA"]
[WhiteElo "1919"]
[WhiteRD "128"]
[BlackElo "1618"]
[BlackRD "76"]
[GameID "82686"]

1. e4 e5 2. Nf3 Nc6 3. Bc4 Bc5 4. d3 Nf6 5. Nc3 h6 6. a3 d6 7. Na4 Bg4 8. Nxc5 dxc5 9. c3 Qe7 10. h3 Bh5
11. Qe2 O-O-O 12. Qe3 Rd7 13. b4 b6 14. O-O g5 15. bxc5 g4 16. hxg4 Nxg4 17. Qe2 Qxc5 18. Bd2 Rg8 19. Be3 Qd6 20. Qc2 Qg6
21. Nh4 Qg7 22. Qa4 Na5 23. Ba6+ Kd8 24. Bd2 Nf6 25. f3 Rd6 26. Rf2 Bg6 27. Qd1 Nc6 28. Bb5 Nb8 29. Qa4 a5 30. Qc2 c6
31. Ba4 b5 32. Bb3 Nh5 33. a4 b4 34. cxb4 axb4 35. Bxb4 Rf6 36. Qc5 Kc8 37. Bd2 Bh7 38. Qxe5 Ng3 39. Bf4 Rxf4 40. Qxf4 Rd8
41. Rd1 Na6 42. Bxf7 Rf8 43. Be6+ Kd8 44. Qd6+ Ke8 45. Qxc6+
1-0

[Event "December Standard II"]
[Site "SchemingMind.com"]
[Date "2006.12.19"]
[Round "-"]
[White "rampichino"]
[Black "pederao"]
[Result "0-1"]
[WhiteCountry "ITA"]
[BlackCountry "USA"]
[WhiteElo "1426"]
[WhiteRD "97"]
[BlackElo "1619"]
[BlackRD "79"]
[GameID "82687"]

1. e4 e5 2. Nf3 Nc6 3. d4 exd4 4. Nxd4 Bc5 5. Nxc6 Qf6 6. Qd2 Qxc6 7. Nc3 Bb4 8. Qe3 Nf6 9. f3 O-O 10. Bd2 Re8
11. O-O-O a6 12. g4 Qe6 13. Kb1 d5 14. Nxd5 Nxd5 15. Qb3 Bxd2 16. exd5 Qf6
0-1